000 00436nmm a2200157Ia 4500
008 251105s9999||||xx |||||||||||||||||und||
020 _a9789560105752
041 _aspa
100 _aAcuña Lang, Felipe
245 0 _aHabitar
264 _a[Santiago de Chile, Chile] :
_bRil editores,
_c2018
300 _a90 páginas
650 _aLatin American narrative
856 _uhttps://public.digitaliapublishing.com/a/65365
942 _cCF
999 _c93944
_d93944